Zdaňovanie finančných inštitúcií problémy a nové trendy (1. časť)

Bibliographic Details
Main Authors: Gábiková, Michaela (Author), Krnáčová, Soňa (Author)
Format: Article
Language:Slovak
PhysicalDescription:Pokračovanie v č. 10/2007
ISSN:1337-0146
Subjects:

MARC

LEADER 00000nab a2200000 ar4500
001 vtls009148665
003 SK-MaSNL
005 20260304204337.0
008 071010c2007 xo mr|p|||||||000 b|slo
015 |a SNBRB2007/10  |2 snkbucl 
038 |a SNKBUCL 
040 |a SNKBUCL  |b slo  |c SNKBUCL  |e AACR2 
041 0 |a slo 
044 |a xo  |c SK 
080 |a 336.7:336.22  |2 2001 
080 |a 336.22  |2 2001 
100 1 |a Gábiková, Michaela  |4 aut  |9 26913 
245 1 0 |a Zdaňovanie finančných inštitúcií  |b problémy a nové trendy  |n (1. časť)  |c Michaela Gábiková, Soňa Krnáčová 
300 |a Pokračovanie v č. 10/2007 
650 0 7 |a finančné inštitúcie  |2 snkbucl  |9 2105 
650 0 7 |a dane  |2 snkbucl  |9 2123 
700 1 |a Krnáčová, Soňa  |4 aut  |9 1537576 
773 0 |t Financie  |g Roč. II., č. 9 (2007), s. 26-27  |x 1337-0146 
852 |a SNK  |b KIS3GCP 
999 |c 3115477  |d 3117407